FitBucket - produktivita so zdravými zamestnancami
Na minha lista:
| Autor principal: | |
|---|---|
| Formato: | Capítulo de Livro |
| Idioma: | eslovaco |
| Assuntos: | |
| Tags: |
Sem tags, seja o primeiro a adicionar uma tag!
|
MARC
| LEADER | 00000naa$a2200000$$$4500 | ||
|---|---|---|---|
| 001 | 0225839 | ||
| 005 | 20240502073714.6 | ||
| 041 | 0 | |a slo | |
| 044 | |a SK | ||
| 245 | 1 | 0 | |a FitBucket - produktivita so zdravými zamestnancami |c Ráchel Hagarová |
| 610 | 2 | 0 | |a štúdie prípadové |
| 610 | 2 | 0 | |a start-up |
| 610 | 2 | 0 | |a podnik |
| 610 | 2 | 0 | |a zamestnanci |
| 610 | 2 | 0 | |a zdravie |
| 610 | 2 | 0 | |a produktivita práce |
| 610 | 2 | 0 | |a šport |
| 100 | 1 | |a Hagarová, Ráchel, 1990- | |